000 00797nam a2200265 i 4500
001 17252
003 ES-MaACL
005 20230906151531.0
007 t|
008 010124s1990 sp ||||0| spa d
016 7 _zSIC92006694
020 _a84-87095-46-1
040 _aM-BN
_bspa
_cSIC
080 _a860-92"19"
100 1 _aBonafoux, Luis.
_930066
245 1 3 _aLa España de Bonafoux /
_cLuis Bonafoux ; selección y prólogo de José Luis Cano.
250 _a[1ª ed.].
260 _aMadrid :
_bEdiciones Libertarias,
_c1990.
300 _a272 p. ;
_c20 cm.
490 1 _aTres de cuatro soles ;
_v10
700 1 _aCano, José Luis,
_d1912-1999
_934532
830 0 _aTres de cuatro soles ;
_v10
_9178061
852 _aES-MaACL
_jL-24125
_bR.129295
999 _c17252
_d17252